Implantación de la ley Igualdad de Oportunidades para las Personas con Discapacidad en el Centro de San Joaquín de Flores
Salvato in:
| Autore principale: | |
|---|---|
| Natura: | Libro |
| Pubblicazione: |
[San José], Costa Rica
2010
|
| Soggetti: | |
| Tags: |
Aggiungi Tag
Nessun Tag, puoi essere il primo ad aggiungerne!!
|
MARC
| LEADER | 00000nam a2200000Ia 4500 | ||
|---|---|---|---|
| 003 | 001547 | ||
| 005 | 20221231144041.0 | ||
| 008 | 140114s2010 cr a 000 ||s d | ||
| 040 | |c cru CEDI | ||
| 090 | |a TFG 6061 | ||
| 100 | |a Avendaño Mora, Aarón David |9 3305 | ||
| 245 | |a Implantación de la ley Igualdad de Oportunidades para las Personas con Discapacidad en el Centro de San Joaquín de Flores | ||
| 260 | |c 2010 |b [San José], Costa Rica | ||
| 500 | |a Tesis (licenciatura en ingeniería civil)--Universidad de Costa Rica. Facultad de Ingeniería. Escuela de Ingeniería Civil | ||
| 650 | |x SERVICIOS PARA PERSONAS CON DISCAPACIDADES |x ARQUITECTURA Y PERSONAS CON DISCAPACIDADES |x DISEÑOS Y PLANOS |x SAN JOAQUIN DE FLORES (HEREDIA, COSTA RICA) |x IGUALDAD DE OPORTUNIDADES |9 3306 | ||
| 942 | |c TFG | ||
| 999 | |c 16152 |d 16152 | ||
